Estándares de libertad de expresión para una radiodifusión libre e incluyente = Freedom of expression standards for free and inclusive broadcasting (Registro nro. 72565)

Detalles MARC
000 -ENCABEZADO
Número de control [NR] 01106nam a2200241Ia 4500
008 - DE LONGITUD FIJA DE DATOS DE ELEMENTOS - INFORMACIÓN GENERAL
Elementos de longitud fija [NR] 130821s2010 xxu gr mul
020 ## - NUMERO INTERNACIONAL NORMALIZADO PARA LIBROS [R]
Número Internacional Normalizado del libro [NR] 9780827054868
040 ## - FUENTE DE CATALOGACION [NR]
Agencia de catalogación original [NR] Co-BoUCM
Idioma de catalogación [NR] spa
041 00 - CODIGO DE IDIOMA [R]
Código de idioma para texto/pista de sonido o título separado [R]
110 2# - ASIENTO PRINCIPAL--NOMBRE CORPORATIVO [NR]
Nombre corporativo o de jurisdicción como elemento de entrada [NR] Organización de los Estados Americanos
ID de autoridad 83698
245 10 - MENCION DE TITULO [NR]
Título [NR] Estándares de libertad de expresión para una radiodifusión libre e incluyente = Freedom of expression standards for free and inclusive broadcasting
Mención de responsabilidad, etc. [NR] Organización de los Estados Americanos = Organization of American States
260 ## - PUBLICACION, DISTRIBUCION, ETC. (PIE DE IMPRENTA) [R]
Lugar de publicación, distribución, etc. [R] [Washington]
Nombre del editor, distribuidor, etc. [R] Organizacion de los Estados Americanos
Fecha de publicación, distribución, etc. [R] 2010
300 ## - DESCRIPCION FISICA [R]
Extensión [R] 54 páginas, 53 páginas
500 ## - NOTA GENERAL [R]
Nota general [NR] Relatoria especial para la libertad de expresión.
501 ## - NOTA DE “CON” [R]
Nota de “Con” [NR] Con: Freedom of expression standards for free and inclusive broadcasting
650 04 - ASIENTO SECUNDARIO DE MATERIA - TERMINO TEMATICO [R]
Término temático o nombre geográfico como elemento de entrada [NR] Derechos civiles
9 (RLIN) 12857
650 04 - ASIENTO SECUNDARIO DE MATERIA - TERMINO TEMATICO [R]
Término temático o nombre geográfico como elemento de entrada [NR] Libertad de información
9 (RLIN) 18478
650 04 - ASIENTO SECUNDARIO DE MATERIA - TERMINO TEMATICO [R]
Término temático o nombre geográfico como elemento de entrada [NR] Periodismo
9 (RLIN) 21340
650 04 - ASIENTO SECUNDARIO DE MATERIA - TERMINO TEMATICO [R]
Término temático o nombre geográfico como elemento de entrada [NR] Radio
Subdivisión general [R] Aspectos políticos
9 (RLIN) 23038
710 2# - ASIENTO SECUNDARIO - NOMBRE CORPORATIVO [R]
Nombre corporativo o de jurisdicción como elemento de entrada [NR] Comisión Interamericana de Derechos Humanos
9 (RLIN) 106185
942 ## - ELEMENTOS DE ENTRADA AGREGADOS (KOHA)
Tipo de ítem principal el descrito en 300a Libro
Tema principal Sociología
Edición 1
Parte restante de la signatura top. O686e
Sistema de clasificación DEWEY
Clasificación 070.194
Existencias
Fecha de último préstamo Total préstamos Total Renewals Signatura topográfica Código de barras Última vez visto Ejemplar Price effective from Tipo de ítem Perdido Sistema de clasificación Dañado No prestable Tipo de ítem específico Suprimido Ubicación habitual Ubicación actual Localización Fecha de creación Forma de adquisición Costo
05/10/2016 2 3 070.194 O686e 100115066 05/12/2025 Ej.1 03/02/2013 Libro   DEWEY     Libro   Claustro Claustro 2do piso 30/09/2011 Donación 26000.00